Football : les clubs champions de Bundesliga au 21ème siècle - Statistiques

Statistiques générales
  • Ce quiz a été pris 412 fois
  • Le résultat moyen est 24 sur 25
Statistiques - réponses
Année Champion % Correct
2023 Bayern Munich
100%
2022 Bayern Munich
100%
2021 Bayern Munich
100%
2020 Bayern Munich
100%
2019 Bayern Munich
100%
2018 Bayern Munich
100%
2017 Bayern Munich
100%
2016 Bayern Munich
100%
2015 Bayern Munich
100%
2014 Bayern Munich
100%
2013 Bayern Munich
100%
2010 Bayern Munich
100%
2008 Bayern Munich
100%
2006 Bayern Munich
100%
2005 Bayern Munich
100%
2003 Bayern Munich
100%
2001 Bayern Munich
100%
2000 Bayern Munich
100%
2024 Bayer Leverkusen
97%
2012 Borussia Dortmund
97%
2011 Borussia Dortmund
97%
2002 Borussia Dortmund
97%
2004 Werder Brême
62%
2009 Wolfsburg
62%
2007 Stuttgart
58%
Aucun quiz correspondant
Distribution des résultats
% des personnes avec chaque résultat
Percentile par nombre de réponses
Votre historique - résultats
Vous n’avez pas pris ce quiz